| 000 | 00554nam a2200193Ia 4500 | ||
|---|---|---|---|
| 005 | 20250508153739.0 | ||
| 008 | 008 250505s9999 xx 000 0 eng d | ||
| 037 | _aBooks to be hide in OPAC | ||
| 040 |
_aFEDL _beng _cFEDL |
||
| 041 |
_aeng _2eng |
||
| 084 |
_a378.425 9, CAM/O _qFEDL |
||
| 100 |
_aGray Arthur _9154180 |
||
| 245 | 0 | _aJesus college | |
| 245 | 0 | _cUniversity of Cambridge | |
| 260 |
_aLondon, UK _bF E Robinson and Co. _c1902 |
||
| 300 | _aviii,245p. | ||
| 942 |
_cHB _h378.425 9, CAM/O |
||
| 999 |
_c1345172 _d1345172 |
||